Saigan Express Between + 2 (Record no. 12153)
[ view plain ]
| 000 -LEADER | |
|---|---|
| fixed length control field | 00265 a2200121 4500 |
| 008 - FIXED-LENGTH DATA ELEMENTS--GENERAL INFORMATION | |
| fixed length control field | 231228b ||||| |||| 00| 0 eng d |
| 020 ## - INTERNATIONAL STANDARD BOOK NUMBER | |
| International Standard Book Number | 9791196799700 |
| 082 ## - DEWEY DECIMAL CLASSIFICATION NUMBER | |
| Classification number | 692.1 |
| 100 ## - MAIN ENTRY--PERSONAL NAME | |
| Personal name | Sik |
| 245 ## - TITLE STATEMENT | |
| Title | Saigan Express Between + 2 |
| 260 ## - PUBLICATION, DISTRIBUTION, ETC. (IMPRINT) | |
| Name of publisher, distributor, etc | IFPD |
| 942 ## - ADDED ENTRY ELEMENTS (KOHA) | |
| Source of classification or shelving scheme | |
| Withdrawn status | Lost status | Source of classification or shelving scheme | Damaged status | Koha normalized classification for sorting | Not for loan | Permanent location | Current location | Date acquired | Source of acquisition | Cost, normal purchase price | Full call number | Barcode | Date last seen | Cost, replacement price | Price effective from | Koha item type |
|---|---|---|---|---|---|---|---|---|---|---|---|---|---|---|---|---|
| 692_100000000000000 | BMS College of Architecture, Design and Planning | BMS College of Architecture, Design and Planning | 2023-12-28 | 10 | 5386.50 | 692.1 | AR-UG3459 | 2023-12-28 | 7695.00 | 2023-12-28 | UG Books |